000 00621nam a22002057a 4500
003 KOHA_MİRAKIL
005 20260414115527.0
008 260414b tu ||||| |||| 00| 0 tur d
040 _aTR-AnABB
_btur
_cTR-AnABB
041 _atur
082 _a338.9561
_bDAG 1993
100 1 _aDağ, Rıfat
245 1 0 _aDiyarbakır ve bölgesel gelişme /
_cRıfat Dağ, Atilla Göktürk
260 _aDiyarbakır :
_bDTSO,
_c1993
300 _a95 sayfa ;
_c24 cm
650 0 4 _aEkonomik politika
650 0 4 _aEkonomik politika, Türkiye
650 0 4 _aBölgesel kalkınma, Türkiye
942 _2ddc
_cBK
999 _c10236
_d10236
900 _bCan ÇELIK